Thông tư liên tịch : Hướng dẫn cơ chế quản lý tài chính với một số dự án, hoạt động của chương trình mục tiêu quốc gia về việc làm đến năm 2010
में बचाया:
| स्वरूप: | लेख |
|---|---|
| भाषा: | Vietnamese |
| विषय: | |
| टैग : |
टैग जोड़ें
कोई टैग नहीं, इस रिकॉर्ड को टैग करने वाले पहले व्यक्ति बनें!
|
| Thư viện lưu trữ: | Thư viện Trường Đại học Đà Lạt |
|---|
| LEADER | 00957nam a2200289 4500 | ||
|---|---|---|---|
| 001 | DLU100106385 | ||
| 005 | ##20100414 | ||
| 040 | # | # | |a DLU |b vie |
| 041 | # | # | |a vie |
| 044 | # | # | |a vn |
| 245 | # | # | |a Thông tư liên tịch : |b Hướng dẫn cơ chế quản lý tài chính với một số dự án, hoạt động của chương trình mục tiêu quốc gia về việc làm đến năm 2010 |
| 653 | # | # | |a Đào tạo chuyên nghiệp |
| 653 | # | # | |a Đầu tư phát triển |
| 653 | # | # | |a Chế độ chính sách |
| 653 | # | # | |a Dự án |
| 653 | # | # | |a Người lao động |
| 773 | # | # | |t Tạp chí lao động và xã hội |g Số4(332), 2008, tr. 58-60 |
| 920 | # | # | |a Phòng Tạp chí -- Trung tâm Thông tin - Thư viện Trường Đại học Đà Lạt |
| 994 | # | # | |a DLU |
| 900 | # | # | |a True |
| 911 | # | # | |a Nguyễn Thị Linh Chi |
| 925 | # | # | |a G |
| 926 | # | # | |a A |
| 927 | # | # | |a BB |
| 980 | # | # | |a Thư viện Trường Đại học Đà Lạt |